NBA Player's Highest Points In A Game - Statistics

General Stats
  • This quiz has been taken 58 times
  • The average score is 12 of 20
Answer Stats
Question Answer % Correct
Wilt Chamberlain 100
100%
Kobe Bryant 81
96%
Lebron James 61
92%
Michael Jordan 69
77%
Kevin Durant 55
70%
Dirk Nowitzki 53
68%
Dwayne Wade 55
64%
Shaquille O'Neal 61
62%
Steph Curry 62
60%
Kevin Garnett 47
55%
Charles Barkley 56
55%
Russell Westbrook 58
51%
James Harden 61
49%
Larry Bird 60
45%
Magic Johnson 46
40%
Kareem Abdul-Jabbar 55
38%
Tim Duncan 53
36%
Brian Scalabrine 29
34%
Bill Russell 37
30%
Jerry West 63
28%
No matching quizzes found
Score Distribution
Percent of People with Each Score
Percentile by Number Answered
Your Score History
You have not taken this quiz